Normalización de las gestiones administrativas del subsistema de almacenamiento y distribución
Gorde:
| Egile nagusia: | |
|---|---|
| Formatua: | Liburua |
| Argitaratua: |
San José, Costa Rica
1987
|
| Gaiak: | |
| Etiketak: |
Etiketa erantsi
Etiketarik gabe, Izan zaitez lehena erregistro honi etiketa jartzen!
|
MARC
| LEADER | 00000nam a2200000Ia 4500 | ||
|---|---|---|---|
| 003 | 007227 | ||
| 005 | 20221231144310.0 | ||
| 008 | 140114s1987 cr a m 000 ||s d | ||
| 040 | |c cru CEDI | ||
| 090 | |a TFG 2969 | ||
| 100 | |a Unfried S, Juan Carlos |9 11723 | ||
| 245 | |a Normalización de las gestiones administrativas del subsistema de almacenamiento y distribución | ||
| 260 | |c 1987 |a San José, Costa Rica | ||
| 300 | |a xiii, 75 hojas : ilustraciones ; 28 cm | ||
| 500 | |a Tesis (licenciatura en ingenieria industrial)--Universidad de Costa Rica. Facultad de Ingeniería. Escuela de Ingenieria Industrial | ||
| 650 | |x CAJA COSTARRICENSE DE SEGURO SOCIAL (SAN JOSE).. DEPARTAMENTO DE ALMACENAMIENTO Y DISTRIBUCION |9 11724 | ||
| 942 | |c TFG | ||
| 999 | |c 19771 |d 19771 | ||
